000 00490nam a2200181Ia 4500
005 20250603144526.0
008 250603s9999 xx 000 0 und d
020 _a9780367754327
050 _aQP 301 .A67/
100 _aEdited by Martin J. Turner; Marc V. Jones and Andrew G. Wood
245 0 _aApplying cognitive behavioural therapeutic approaches in sport
260 _aNew York
260 _bRoutledge
260 _c2023
300 _a146 p
650 _aNew York
942 _cBK
999 _c39183
_d39183